000 00280 a2200133 4500
001 194797
040 _cMagnum
100 _aAzevedo, Aluísio
240 1 0 _aA condessa Vésper
_lpor
245 1 0 _aA condessa Vésper
300 _a291
697 _aLITERATURA GERAL
942 _cBK
999 _c194797
_d194797